000 02400nam0a22003971 4500
001 v19\rc\2105680
005 20260407104637.0
035 _a(NLR Aleph) 005178385
090 _a5117044
_c5117044
100 _a20090914d1802 |||y0rusy50 ca
101 0 _arus
102 _aRU
105 _ay z |||||
135 _acrcn 024anaba
200 1 _a[Доклад Военной коллегии об устройстве Черноморского войска
_eУтв. 13 ноября 1802 г.
210 _aСанкт-Петербург
_d1802]
215 _a8 с.
_d2° (32 см)
300 _aТекст начинается словами: "Вашему императорскому величеству при всеподданнейших рапортах генерала от кавалерии Михельсона и присутствовавшего в канцелярии Войска казачьего черноморского генерал-лейтенанта Кироева представлены ведомости..."
300 _aВ конце текста: Подлинный подписал: министр Вязмитинов
309 _aБез тит. л.
325 1 _aКопия доступна в электронной библиотеке РНБ
540 1 _aДоклад Военной коллегии об устройстве Черноморского войска
702 1 _4720
_8rus
_7ca
_aВязмитинов
_bС. К.
_f1744-1819
_gСергей Кузьмич
_3RU\NLR\AUTH\7797391
_980317
710 0 1 _aРоссия
_bВоенная коллегия
_3RU\NLR\AUTH\889934776
_9364578
712 0 2 _aЧерноморское казачье войско
_3RU\NLR\AUTH\889971860
_9440272
801 0 _aRU
_bNLR
_gpsbo
801 1 _aRU
_bProSoft-M
_2rusmarc
801 2 _aRU
_bNLR
_c20151007
_2rusmarc
852 _aNLR
_j18.101.1.27
901 _eКнижные издания
942 _cBOOK
980 _aNB
981 2 0 _a(20) Книжные памятники РНБ
_b(20) Русский книжный фонд
981 2 2 _a(22) Материалы по истории России
_b(22) История России до 25 октября (7 ноября) 1917 года
_bОрганы управления
_bМинистерства